Statistiche per Dove giocava nel 2010-2011? - Quiz n°41

Clicka qui per fare il quiz!

Statistiche generali

  • Questo quiz è stato fatto 12 volte
  • Il punteggio medio è 7 su 10

Statistiche sulle risposte

HintRisposta% Corretto
Daniele De RossiRoma
100%
LucioInter
89%
Claudio MarchisioJuventus
89%
Juan JesusInternacional
78%
Joël MatipSchalke 04
78%
Ilija NestorovskiSlovácko
78%
Jérémy MathieuValencia
78%
Mathieu FlaminiMilan
67%
Martin BraithwaiteEsbjerg
44%
Blerim DžemailiParma
44%

Distribuzione punteggi

Percentile per numero di risposta

Percentuale di utenti per punteggio

I tuoi punteggi nel tempo

Non hai fatto questo quiz